Report of the Administrative Reforms Committee (Record no. 488495)
[ view plain ]
| 000 -LEADER | |
|---|---|
| fixed length control field | 00415cam a22001337a 4500 |
| 008 - FIXED-LENGTH DATA ELEMENTS--GENERAL INFORMATION | |
| fixed length control field | 180718b1958 xxu||||| |||| 00| 0 eng d |
| 082 ## - DEWEY DECIMAL CLASSIFICATION NUMBER | |
| Classification number | I5135x5453 AR |
| 100 ## - MAIN ENTRY--PERSONAL NAME | |
| Personal name | Kerala. Administrative Reforms Committee |
| 245 ## - TITLE STATEMENT | |
| Title | Report of the Administrative Reforms Committee |
| 260 ## - PUBLICATION, DISTRIBUTION, ETC. | |
| Place of publication, distribution, etc. | Trivandrum |
| Name of publisher, distributor, etc. | The author |
| Date of publication, distribution, etc. | 1958 |
| 300 ## - PHYSICAL DESCRIPTION | |
| Extent | -v- |
| 500 ## - GENERAL NOTE | |
| General note | Contents: v.1. Parts 1 & 2 |
| 700 ## - ADDED ENTRY--PERSONAL NAME | |
| Personal name | Nambudiripad, E.M.S. (Chairman) |
| Withdrawn status | Lost status | Damaged status | Not for loan | Permanent Location | Current Location | Date acquired | Full call number | Barcode | Date last seen | Price effective from | Koha item type |
|---|---|---|---|---|---|---|---|---|---|---|---|
| Indian Institute of Public Administration | Indian Institute of Public Administration | 2018-08-04 | I5135x5453 AR | GR2794 | 2018-08-04 | 2018-08-04 | GR | ||||
| Indian Institute of Public Administration | Indian Institute of Public Administration | 2018-08-04 | I5135x5453 AR | GR2037 | 2018-08-04 | 2018-08-04 | GR | ||||
| Indian Institute of Public Administration | Indian Institute of Public Administration | 2018-08-04 | I5135x5453 AR | GG5660 | 2018-08-04 | 2018-08-04 | GG | ||||
| Indian Institute of Public Administration | Indian Institute of Public Administration | 2018-08-04 | I5135x5453 AR | GG5659 | 2018-08-04 | 2018-08-04 | GG | ||||
| Indian Institute of Public Administration | Indian Institute of Public Administration | 2018-08-04 | I5135x5453 AR | GG2570 | 2018-08-04 | 2018-08-04 | GG |
